Eastern Utah Libraries Catalog: Duchesne, Heber, Roosevelt, & Vernal

The king's man (Record no. 370754)

MARC details
000 -LEADER
fixed length control field 04759cgm a2200913 a 4500
001 - CONTROL NUMBER
control field 1291627671
003 - CONTROL NUMBER IDENTIFIER
control field OCoLC
005 - DATE AND TIME OF LATEST TRANSACTION
control field 20220228183414.0
007 - PHYSICAL DESCRIPTION FIXED FIELD--GENERAL INFORMATION
fixed length control field vd cvaizk
008 - FIXED-LENGTH DATA ELEMENTS--GENERAL INFORMATION
fixed length control field 220111s2022 cau131 e vleng d
020 ## - INTERNATIONAL STANDARD BOOK NUMBER
International Standard Book Number 786936870428
024 1# - OTHER STANDARD IDENTIFIER
Standard number or code 786936870428
028 ## - PUBLISHER NUMBER
Publisher number 13575596
028 42 - PUBLISHER NUMBER
Publisher number 158872
Source 20th Century Studios
028 42 - PUBLISHER NUMBER
Publisher number 158872-1
Source 20th Century Studios
028 42 - PUBLISHER NUMBER
Publisher number 8055249
Source 20th Century Studios
028 42 - PUBLISHER NUMBER
Publisher number 8055230
Source 20th Century Studios
035 ## - SYSTEM CONTROL NUMBER
System control number (OCoLC)1291627671
037 ## - SOURCE OF ACQUISITION
Source of stock number/acquisition Midwest Tape
Note http://www.midwesttapes.com
040 ## - CATALOGING SOURCE
Original cataloging agency TEFMT
Language of cataloging eng
Transcribing agency TEFMT
Modifying agency TEF
-- OCLCO
-- OCLCF
-- INO
-- IKG
-- AZH
-- JQM
Description conventions rda
041 1# - LANGUAGE CODE
Language code of text/sound track or separate title eng
-- fre
-- spa
Language code of original and/or intermediate translations of text eng
046 ## - SPECIAL CODED DATES
Beginning or single date created 2021
Source of date edtf
092 ## - LOCALLY ASSIGNED DEWEY CALL NUMBER (OCLC)
Classification number THE KING'S MAN
130 0# - MAIN ENTRY--UNIFORM TITLE
Uniform title King's man (Motion picture).
9 (RLIN) 6441947
245 14 - TITLE STATEMENT
Title The king's man
Medium [videorecording] /
Statement of responsibility, etc directed by Matthew Vaughn ; screenplay by Matthew Vaughn & Karl Gajdusek ; story by Matthew Vaughn ; produced by Matthew Vaughn, David Reid, Adam Bohling ; a film by Matthew Vaughn ; a Cloudy production ; a 20th Century Studios presentation ; in association with Marv.
246 33 - VARYING FORM OF TITLE
Title proper/short title Kingsman 3.
257 ## - COUNTRY OF PRODUCING ENTITY FOR ARCHIVAL FILMS
Country of producing entity Great Britain
-- United States
264 #1 - Production, Publication, Distribution, Manufacture, and Copyright Notice.
Place of production, publication, distribution, manufacture [Los Angeles, CA] :
Name of producer, publisher, distributor, manufacturer 20th Century Studios,
Date of production, publication, distribution, manufacture, or copyr [2022]
300 ## - PHYSICAL DESCRIPTION
Extent 1 videodisc (131 min.) :
Other physical details sound, color ;
Dimensions 4 3/4 in.
336 ## - Content Type
Content type term two-dimensional moving image
337 ## - Media type
Media type term video
338 ## - Carrier type
Carrier type term videodisc
500 ## - GENERAL NOTE
General note Based on the comic book "The Secret Service' by Mark Millar and Dave Gibbons.
500 ## - GENERAL NOTE
General note Prequel to films The Kingsman, and Kingsman the golden circle.
500 ## - GENERAL NOTE
General note Originally released as a motion picture in 2021.
500 ## - GENERAL NOTE
General note Wide screen (2.39:1)
508 ## - CREATION/PRODUCTION CREDITS NOTE
Creation/production credits note Director of photography, Ben Davis ; editors, Jason Ballantine, Rob Hall ; music, Matthew Margeson & Dominic Lewis.
511 1# - PARTICIPANT OR PERFORMER NOTE
Participant or performer note Ralph Fiennes, Gemma Arterton, Rhys Ifans, Matthew Goode, Tom Hollander, Harris Dickinson, Daniel Br赨l, Djimon Hounsou, Charles Dance.
520 ## - SUMMARY, ETC.
Summary, etc The world on the brink of World War I is being manipulated by a cabal of political villains strategically placed to create conflict. One British lord and his son create a network of domestic worker spies in hopes of undermining the efforts, taking on the likes of Rasputin and Mata Hari with the crown's silent support. When the war happens anyway and takes the life of one of these men, the other must rise above his grief to bring an end to years of senseless deaths.
521 8# - TARGET AUDIENCE NOTE
Target audience note MPAA Rating: R.
521 8# - TARGET AUDIENCE NOTE
Target audience note MPA rating: R; for sequences of strong/bloody violence, language, and some sexual material.
538 ## - SYSTEM DETAILS NOTE
System details note DVD, NTSC, region 1; wide screen (2.39:1); Dolby digital 5.1 (English, French, Spanish), Dolby digital 2.0 (English DVS).
546 ## - LANGUAGE NOTE
Language note English, French or Spanish dialogue; French or Spanish subtitles.
650 #0 - SUBJECT ADDED ENTRY--TOPICAL TERM
Topical term or geographic name as entry element Secret service
Form subdivision Drama.
9 (RLIN) 6441948
650 #0 - SUBJECT ADDED ENTRY--TOPICAL TERM
Topical term or geographic name as entry element Spies
Form subdivision Drama.
9 (RLIN) 5709316
650 #0 - SUBJECT ADDED ENTRY--TOPICAL TERM
Topical term or geographic name as entry element Conspiracy
Form subdivision Drama.
9 (RLIN) 5732406
655 #7 - INDEX TERM--GENRE/FORM
Genre/form data or focus term Action and adventure films.
Source of term fast
655 #7 - INDEX TERM--GENRE/FORM
Genre/form data or focus term Comedy films.
Source of term fast
655 #7 - INDEX TERM--GENRE/FORM
Genre/form data or focus term Drama.
Source of term fast
655 #7 - INDEX TERM--GENRE/FORM
Genre/form data or focus term Feature films.
Source of term fast
655 #7 - INDEX TERM--GENRE/FORM
Genre/form data or focus term Fiction films.
Source of term fast
655 #7 - INDEX TERM--GENRE/FORM
Genre/form data or focus term Video recordings for people with visual disabilities.
Source of term fast
9 (RLIN) 5676923
655 #7 - INDEX TERM--GENRE/FORM
Genre/form data or focus term Video recordings for the hearing impaired.
Source of term fast
655 #7 - INDEX TERM--GENRE/FORM
Genre/form data or focus term Spy films.
Source of term lcgft.
655 #7 - INDEX TERM--GENRE/FORM
Genre/form data or focus term Film adaptations.
Source of term lcgft.
700 1# - ADDED ENTRY--PERSONAL NAME
Personal name Vaughn, Matthew,
Dates associated with a name 1971-
Relator term film director,
-- screenwriter,
-- film producer.
9 (RLIN) 68541
700 1# - ADDED ENTRY--PERSONAL NAME
Personal name Gajdusek, Karl.
Relator term screenwriter.
9 (RLIN) 6257082
700 1# - ADDED ENTRY--PERSONAL NAME
Personal name Reid, David,
Dates associated with a name 1963-
Relator term film producer.
9 (RLIN) 6441949
700 1# - ADDED ENTRY--PERSONAL NAME
Personal name Bohling, Adam,
Relator term film producer.
9 (RLIN) 6441950
700 1# - ADDED ENTRY--PERSONAL NAME
Personal name Fiennes, Ralph,
Relator term actor.
9 (RLIN) 60923
700 1# - ADDED ENTRY--PERSONAL NAME
Personal name Arterton, Gemma,
Relator term actor.
9 (RLIN) 5859361
700 1# - ADDED ENTRY--PERSONAL NAME
Personal name Ifans, Rhys,
Dates associated with a name 1967-
Relator term actor.
9 (RLIN) 6395106
700 1# - ADDED ENTRY--PERSONAL NAME
Personal name Goode, Matthew,
Dates associated with a name 1978-
Relator term actor.
9 (RLIN) 70529
700 1# - ADDED ENTRY--PERSONAL NAME
Personal name Hollander, Tom,
Dates associated with a name 1967-
Relator term actor.
9 (RLIN) 5714950
700 1# - ADDED ENTRY--PERSONAL NAME
Personal name Dickinson, Harris,
Dates associated with a name 1996-
Relator term actor.
9 (RLIN) 6441951
700 1# - ADDED ENTRY--PERSONAL NAME
Personal name Br赨l, Daniel,
Dates associated with a name 1978-
Relator term actor.
9 (RLIN) 6441952
700 1# - ADDED ENTRY--PERSONAL NAME
Personal name Hounsou, Djimon,
Dates associated with a name 1964-
Relator term actor.
9 (RLIN) 76750
700 1# - ADDED ENTRY--PERSONAL NAME
Personal name Dance, Charles,
Relator term actor.
9 (RLIN) 62355
700 1# - ADDED ENTRY--PERSONAL NAME
Personal name Millar, Mark,
Title of a work Secret service.
9 (RLIN) 6441953
710 2# - ADDED ENTRY--CORPORATE NAME
Corporate name or jurisdiction name as entry element 20th Century Studios,
Relator term presenter,
-- publisher.
9 (RLIN) 6386382
710 2# - ADDED ENTRY--CORPORATE NAME
Corporate name or jurisdiction name as entry element Cloudy Productions,
Relator term production company.
9 (RLIN) 6441954
710 2# - ADDED ENTRY--CORPORATE NAME
Corporate name or jurisdiction name as entry element Marv Films,
Relator term production company.
9 (RLIN) 5929456
730 02 - ADDED ENTRY--UNIFORM TITLE
Uniform title The king's man (Motion picture).
Language of a work French.
9 (RLIN) 6441955
730 02 - ADDED ENTRY--UNIFORM TITLE
Uniform title The king's man (Motion picture).
Language of a work Spanish.
9 (RLIN) 6441956
730 02 - ADDED ENTRY--UNIFORM TITLE
Uniform title Kingsman, the secret service (Motion picture)
9 (RLIN) 6441957
856 7# - ELECTRONIC LOCATION AND ACCESS
Materials specified View cover art
Uniform Resource Identifier <a href="https://thumbnail.midwesttape.com/13575596_180.jpg">https://thumbnail.midwesttape.com/13575596_180.jpg</a>
Access method https
907 ## - LOCAL DATA ELEMENT G, LDG (RLIN)
a .b460957703
942 ## - ADDED ENTRY ELEMENTS (KOHA)
Source of classification or shelving scheme Dewey Decimal Classification
Koha item type DVD < 3 months old rated R
Holdings
Withdrawn status Lost status Source of classification or shelving scheme Damaged status Not for loan Collection code Home library Current library Shelving location Date acquired Source of acquisition Total Checkouts Total Renewals Full call number Barcode Date last seen Date checked out Cost, replacement price Price effective from Koha item type
    Dewey Decimal Classification     Movies Wasatch County Library Wasatch County Library Audio Visual Area 04/04/2022 Micromarketing 7 4 DVD Kin 34301001825936 01/06/2026 01/05/2026 23.99 04/04/2022 DVD
This project was made possible through a grant from the Institute of Museum and Library Service administered by the Utah State Library Division.

Wasatch County Library

  • 465 East 1200 South, Heber City, Utah 84032
  • Phone 435-654-1511 | Fax 435-654-6456

Hours

  • Monday - Friday 9:30 AM - 8:00 PM
  • Saturday 9:30 AM - 1:30 PM
  • Closed Sundays and Holidays